जब मौन मुखर हो जाता है / (Record no. 198004)

MARC details
000 -LEADER
fixed length control field 00736nam a22001817a 4500
005 - DATE AND TIME OF LATEST TRANSACTION
control field 20230912111630.0
010 ## - LCCN (DPL NO)
LC control number HIN-125893
020 ## - INTERNATIONAL STANDARD BOOK NUMBER
International Standard Book Number 9788195767724
Terms of availability 289.00
035 ## - SYSTEM CONTROL NUMBER
System control number HN-98239
082 ## - DEWEY DECIMAL CLASSIFICATION NUMBER
Classification number 821
100 ## - MAIN ENTRY--PERSONAL NAME
Personal name सिंहा,अंजु
245 ## - TITLE STATEMENT
Title जब मौन मुखर हो जाता है /
Statement of responsibility, etc अंजु सिंहा,
260 ## - PUBLICATION, DISTRIBUTION, ETC. (IMPRINT)
Name of publisher, distributor, etc नवरंग प्रिंटर्स
Date of publication, distribution, etc 2022
Place of publication, distribution, etc मुज़फ्फरनगर
270 ## - ADDRESS
Address 37-B, नई मंडी,
City मुज़फ्फरनगर
Postal code 251001
300 ## - PHYSICAL DESCRIPTION
Extent 40 पृ.
Dimensions 22 सेमी.(अजिल्द)
700 ## - ADDED ENTRY--PERSONAL NAME
Personal name आग्रवाल,दीपक
9 (RLIN) 55805
942 ## - ADDED ENTRY ELEMENTS (KOHA)
Source of classification or shelving scheme Dewey Decimal Classification
Item type Hindi Books
Classification part 821
Call number suffix सिंहाअ
Holdings
Withdrawn status Lost status Not for loan Collection code Home library Current library Date acquired Source of acquisition Cost, normal purchase price Full call number Barcode Copy number Cost, replacement price Koha item type
      Non-fiction D.B.Act.Division Mobile Library 12/09/2023 DBAD/PUB 289.00 821 सिंहाअ HN-98239 1 289.00 Hindi Books

© Delhi Public Library
Hit Counter
free hit counter